| 000 | 01250pam a2200313 a 4500 | ||
|---|---|---|---|
| 999 |
_c3666 _d3666 |
||
| 001 | 4019085 | ||
| 003 | Nust | ||
| 005 | 20180117090011.0 | ||
| 008 | 971203s1998 enka b 001 0 eng | ||
| 010 | _a 97050580 | ||
| 020 | _a1858982278 | ||
| 020 | _a1840644532 | ||
| 040 |
_aDLC _cDLC _dDLC |
||
| 043 | _ad------ | ||
| 050 | 0 | 0 |
_aHJ1620 _b.H67 1998 |
| 082 | 0 | 0 |
_a339.5/2/091724 _221 |
| 100 | 1 | _aHossain, Akhand Akhtar. | |
| 245 | 1 | 0 |
_aOpen-economy macroeconomics for developing countries / _cAkhtar Hossain, Anis Chowdhury. |
| 260 |
_aCheltenham, UK ; _aNorthampton, MA : _bElgar Pub., _cc1998. |
||
| 300 |
_axi, 252 p. : _bill. ; _c25 cm. |
||
| 504 | _aIncludes bibliographical references (p. 227-241) and index. | ||
| 650 | 0 |
_aFiscal policy _zDeveloping countries. |
|
| 650 | 0 |
_aMonetary policy _zDeveloping countries. |
|
| 700 | 1 |
_aChowdhury, Anis, _d1954- |
|
| 906 |
_a7 _brix _corignew _d1 _eocip _f19 _gy-gencatlg |
||
| 942 |
_2ddc _cBK |
||